How you can be led by the spirit of God / (Record no. 4672)

MARC details
000 -LEADER
fixed length control field 00624nam a2200229Ia 4500
001 - CONTROL NUMBER
control field 30569
003 - CONTROL NUMBER IDENTIFIER
control field GBCCL
005 - DATE AND TIME OF LATEST TRANSACTION
control field 20241126110524.0
008 - FIXED-LENGTH DATA ELEMENTS--GENERAL INFORMATION
fixed length control field 820225s1978 oku 000 0 eng d
020 ## - INTERNATIONAL STANDARD BOOK NUMBER
International Standard Book Number 0892765003
035 ## - SYSTEM CONTROL NUMBER
System control number (OCoLC)08190013
040 ## - CATALOGING SOURCE
Original cataloging agency LSM
Transcribing agency LSM
Modifying agency LBB
049 ## -
-- LBBK
082 ## - DEWEY DECIMAL CLASSIFICATION NUMBER
Classification number 248.4
Item number HAG
092 0# - LOCALLY ASSIGNED DEWEY CALL NUMBER (OCLC)
Item number H145, 1978
Edition number 20
100 1# - MAIN ENTRY--PERSONAL NAME
Personal name Hagin, Kenneth E.,
Dates associated with a name 1917-
9 (RLIN) 8567
245 10 - TITLE STATEMENT
Title How you can be led by the spirit of God /
Statement of responsibility, etc. Kenneth E. Hagin.
260 ## - PUBLICATION, DISTRIBUTION, ETC.
Place of publication, distribution, etc. Tulsa, Okla. :
Name of publisher, distributor, etc. Kenneth Hagin Ministries,
Date of publication, distribution, etc. c1978.
300 ## - PHYSICAL DESCRIPTION
Extent 140 p. ;
Dimensions 21 cm.
650 #0 - SUBJECT ADDED ENTRY--TOPICAL TERM
Topical term or geographic name entry element Christian life.
9 (RLIN) 183
942 ## - ADDED ENTRY ELEMENTS (KOHA)
Source of classification or shelving scheme Dewey Decimal Classification
Koha item type Books
Holdings
Withdrawn status Lost status Source of classification or shelving scheme Damaged status Not for loan Home library Current Library Shelving location Date acquired Total checkouts Full call number Barcode Date last seen Copy number Price effective from Koha item type
    Dewey Decimal Classification     GRACE BIBLE COLLEGE GRACE BIBLE COLLEGE Ministry & Mission 2018-01-30   248.4 HAG 005108 2025-05-01 c.1 2018-01-30 Books
© Grace Bible College Library 2025